Canada Facts - Statistics

General Stats
  • This quiz has been taken 196 times
  • The average score is 9 of 15
Answer Stats
Hint Answer % Correct
French
100%
Official languages: English
99%
Largest city Toronto
96%
Capital Ottawa
91%
Large bay above Ontario Hudson Bay
77%
National food Poutine
75%
Doughnut/Coffee chain cafe Tim Hortons
72%
Famous stereotyped way to acknowledge the listener in Canada Eh?
65%
Another language(s) common in Vancouver area Chinese languages
58%
Bay with huge tide differences Bay of Fundy
55%
Largest island Baffin Island
45%
Canadian city with winter tempetures from 3-9C (40-50F) Victoria
36%
Famous dessert bar Nanaimo Bar
21%
Best place to surf in Canada (and aparently the world) Tofino
20%
Northern language used on Nunavut's road signs Inuktitut
13%
No matching quizzes found
Score Distribution
Percent of People with Each Score
Percentile by Number Answered
Your Score History
You have not taken this quiz